| 000 | 00515nam a2200205Ia 4500 | ||
|---|---|---|---|
| 003 | GCL | ||
| 008 | 140319s9999 xx 000 0 eng d | ||
| 040 |
_aGCL / _cGCL |
||
| 082 | 0 | 4 |
_aCC _b930.1932 _bJ B |
| 100 | 1 | _aJONES, DILWYN | |
| 245 | 1 | 0 |
_aBOATS / _cJONES, DILWYN |
| 260 |
_a[S.N] : _bBRITISH MUSEUM PRESS ، _c1995 |
||
| 300 | _a96 P | ||
| 650 | 0 | 4 | _aANCIENT EGYPT - HISTORY |
| 650 | 0 | 4 | _aHISTORY |
| 650 | 0 | 4 | _aANCIENT EGYPTIAN |
| 650 | 0 | 4 | _aBOATS |
| 650 | 0 | 4 | _aCIVILIZATION, ANCIENT |
| 942 |
_2ddc _cBK |
||
| 999 |
_c14051 _d14051 |
||